000 00870cam a2200193 4500
001 L137009
008 070309s2007 xxk f 000 0 eng d
035 _a(Sirsi) u137009
041 0 _aeng
110 2 _aOrdnance Survey
_91860
245 0 0 _aOS survey mapping and data centres
_h[electronic resource]
260 _aSouthampton
_bOS
_c2007
520 _aProvides details of Ordnance Survey Mapping and Data Centres, stockists of OS Landplan® and OS SitemapTM mapping. Also supplies historical mapping, administrative boundary maps and aerial photography.
590 _aKA
651 4 _aGREAT BRITAIN
690 _aENVIRONMENTAL AND LAND CONSULTANCY-GEOMATICS-MAPPING AND POSITIONING
856 4 8 _uhttps://www.ordnancesurvey.co.uk/oswebsite/partnerships/mdc/index.html
_zView the mapping and data centre free of charge at www.ordnancesurvey.co.uk...
942 _n0
999 _c106588
_d106588